00472nam a2200181 a 4500001001300000003000900013005001700022008004100039020001000080082001600090100002200106245002900128260004300157300000900200500003500209505002400244650002200268nice12345678IN_TiNIC20260116011252.0050524s1951 lona grp 000 0 eng  ac10000a181.06bMAI aMaimonides, Moses aGuide for the Perplexed. aLondon bRoutledge Chapman Hall c1951 a414p aincludes index and biblioraphy2 aBibliographt, Index aPhilosophy-Jewish